Historia de la vida /

Guardado en:
Autor Corporativo: BBC.
Formato: Deslizar
Series:El cuerpo humano
Materias:
Etiquetas: Agregar Etiqueta
Sin Etiquetas, Sea el primero en etiquetar este registro!
LEADER 00912ngm a22002535g 4500
001 CEM.cems022690
008 130507b2004##################0###0#####d
005 20241114134052.0
245 1 0 |a Historia de la vida /  |c BBC. 
300 |a 49'. 
490 0 |a El cuerpo humano 
500 |a En soporte VHS, consultar en ventanilla. 
505 0 |a El milagro de la evolución. Papel fundamental del cerebro en la evolución del hombre a lo largo de la historia natural. Cambios Corporales. Historia del Cuerpo Humano. 
538 |a Soporte: VHS - Norma: Pal N - Color: Si - Grabación DRD 2004 - Hitachi=2430 
110 2 |a BBC. 
082 6 1 |/ BBC 
653 |a ANATOMIA 
653 |a CUERPO HUMANO 
653 |a EVOLUCION 
653 |a HISTORIA NATURAL 
653 |a EVOLUCION HUMANA 
653 |a NIVEL PRIMARIO 
653 |a NIVEL SECUNDARIO 
859 |a CEMS  |b BIB. CEMS - Depto. Recursos Didacticos  |h 611  |i BBC  |k DRD  |p 1333.12  |t Ej.1